000 00478nam a2200169 i 4500
001 98365
003 ES-MaACL
005 20230906182254.0
007 t|
008 050728s1971 sp ||||1| spa d
100 1 _aMartí-Mercadal, J. A.
_977228
245 1 0 _aPráctica de primeros auxilios /
_cJ. A. Martí-Mercadal.
250 _a[1ª ed.].
260 _aBarcelona :
_bMutua Catalana,
_c1971.
300 _a174 p. :
_bil. ;
_c18 cm.
852 _aES-MaACL
_jC-45917
_bR.78839
999 _c98365
_d98365